Postavenie rozvojových krajín vo svetovom hospodárstve diplomová práca

Gespeichert in:
Bibliographische Detailangaben
1. Verfasser: Klementovičová, Simona
Körperschaft: Obchodná fakulta EU. Katedra medzinárodného obchodu
Weitere Verfasser: Baumgartner, Boris
Format: Buch
Sprache:Slowakisch
Veröffentlicht: Bratislava 2014
Tags: Tag hinzufügen
Keine Tags, Fügen Sie das erste Tag hinzu!

MARC

LEADER 00000nbm a2200000 4500
001 0185983
005 20170201094229.0
041 0 |a slo 
044 |a SK 
245 1 0 |a Postavenie rozvojových krajín vo svetovom hospodárstve  |b diplomová práca  |c Simona Klementovičová ; školiteľ: Boris Baumgartner 
264 1 |a Bratislava  |c 2014 
300 |a 73 s. 
100 1 |a Klementovičová, Simona 
700 1 |a Baumgartner, Boris 
710 2 |a Obchodná fakulta EU. Katedra medzinárodného obchodu